Statistics for MAAC College Basketball Teams

Click here to take the quiz!

General Stats

  • This quiz has been taken 7 times
  • The average score is 9 of 11

Answer Stats

SchoolTeam Name/Colors% Correct
MaristRed Foxes
100%
Saint Peter'sPeacocks
100%
CanisiusGolden Griffins
83%
FairfieldStags
83%
IonaGaels
83%
ManhattanJaspers
83%
NiagaraPurple Eagles
83%
QuinnipiacBobcats
83%
RiderBroncos
83%
SienaSaints
83%
Mount Saint Mary'sMountaineers
67%

Score Distribution

Percentile by Number Answered

Percent of People with Each Score

Your Score History

You have not taken this quiz